000 00635nam a22001577a 4500
999 _c8418
_d8419
008 200109b ||||| |||| 00| 0 eng d
020 _a9780521426800
082 _a306.8 STR
100 _aStrathern, Marilyn.
245 _aAfter nature :
_bEnglish kinship in the late twentieth century
260 _aCambridge ; New York :
_bCambridge University Press,
_c1992.
300 _a xviii, 240 p. :
_bill. ;
_c24 cm.
500 _aIncludes bibliographical references (p. 218-227) and index.
650 _a Kinship--England. Kinship--Cross-cultural studies. Ethnology--Philosophy. England--Social conditions--20th century.
942 _2ddc